[Event "Wch Rapid"]
[Site "Samarkand"]
[Date "2023.12.26"]
[Round "3"]
[White "Hirneise, Jens"]
[Black "Giri, Anish"]
[Result "1/2-1/2"]
[WhiteElo "2270"]
[BlackElo "2754"]
[PlyCount "202"]
[EventDate "2023.12.26"]
[EventType "swiss (rapid)"]
[EventRounds "13"]
[EventCountry "UZB"]
[SourceTitle "CB01_2024"]
[SourceDate "2024.01.03"]
[SourceVersion "1"]
[SourceVersionDate "2024.01.03"]
[SourceQuality "1"]

1. e4 c5 2. c3 d5 3. exd5 Qxd5 4. d4 Nf6 5. Nf3 e6 6. Bd3 Be7 7. 0-0 0-0 8. Qe2 Nc6 9. Rd1 Qh5 10. Be3 b6 11. Nbd2 Nd5 12. Nf1 Nxe3 13. Ng3 Qh6 14. Qxe3 Qxe3 15. fxe3 Bb7 16. Be4 Rab8 17. Kf2 Rfd8 18. d5 exd5 19. Bxd5 g6 20. e4 Kg7 21. Rd2 Rd7 22. Rad1 Bf6 23. Nf1 h5 24. Ne3 b5 25. Bxc6 Rxd2+ 26. Rxd2 Bxc6 27. Nd5 Bd8 28. Ne5 Be8 29. Nd3 Rc8 30. Ne5 a5 31. c4 b4 32. Nf3 a4 33. e5 Rb8 34. Nf4 Be7 35. Nd5 Bd8 36. Nf4 Kf8 37. e6 f6 38. Nd5 Be7 39. h3 Rc8 40. g4 hxg4 41. hxg4 Rc6 42. Re2 Rd6 43. Nd2 Bc6 44. Ne4 Rxe6 45. Nxe7 Kxe7 46. Nxc5 Rxe2+ 47. Kxe2 Kd6 48. Nd3 Bd7 49. Kf3 b3 50. axb3 axb3 51. Nc1 Kc5 52. Nxb3+ Kxc4 53. Nc1 g5 54. Ne2 Kd3 55. Ng3 Kd4 56. Nh5 Ke5 57. b4 Ba4 58. Ng7 Bc6+ 59. Kg3 Bd7 60. Kf3 Kd4 61. Nh5 Bc6+ 62. Kg3 Ke5 63. Ng7 Ba4 64. Kf3 Bd1+ 65. Kg3 Be2 66. Ne8 Bd3 67. Kf3 Bb5 68. Ng7 Bc6+ 69. Kg3 Bd7 70. Kf3 Kd6 71. Nh5 Ke6 72. Ng7+ Kd6 73. Nh5 Bc6+ 74. Kg3 Ke7 75. Ng7 Bd7 76. Kf3 Kf7 77. Nh5 Ba4 78. Ke2 Ke6 79. Ng3 Kd5 80. Nh5 Ke5 81. Ng3 Bd7 82. Kf3 Kd4 83. Nh5 Bc6+ 84. Kg3 Ke5 85. Ng7 Bb5 86. Nh5 Bd3 87. Ng7 Bg6 88. Kf3 Kd4 89. Kg3 Bd3 90. Nh5 Ke5 91. Ng7 Bb5 92. Nh5 Be2 93. Ng7 Kd5 94. Ne8 Ke5 95. Ng7 Bd3 96. Nh5 Bg6 97. Ng7 Kd6 98. Kf3 Bd3 99. Nh5 Ke6 100. Ng7+ Kf7 101. Nh5 Bb5 1/2-1/2

[Event "Pozarevac Rudar GM2 11"]
[Site "Pozarevac"]
[Date "2023.11.16"]
[Round "9.2"]
[White "Zemlyanskii, Ivan"]
[Black "Hirneise, Jens"]
[Result "1-0"]
[WhiteElo "2368"]
[BlackElo "2266"]
[PlyCount "69"]
[EventDate "2023.11.09"]
[EventType "schev"]
[EventRounds "9"]
[EventCountry "SRB"]
[SourceTitle "CB47_2023"]
[SourceDate "2023.11.22"]
[SourceVersion "1"]
[SourceVersionDate "2023.11.22"]
[SourceQuality "1"]
[WhiteTeam "Team C"]
[BlackTeam "Team B"]
[WhiteTeamCountry "SRB"]
[BlackTeamCountry "SRB"]

1. d4 Nf6 2. c4 g6 3. Nc3 Bg7 4. e4 d6 5. Nf3 Bg4 6. Be2 Bxf3 7. Bxf3 e5 8. Be3 Nfd7 9. d5 h5 10. Qd2 a5 11. 0-0-0 Na6 12. h4 Nac5 13. Rde1 Nb6 14. Be2 Qd7 15. f3 Bf6 16. g3 Be7 17. Bf1 c6 18. Kb1 Nca4 19. f4 Nxc3+ 20. Qxc3 Na4 21. Qb3 exf4 22. gxf4 Nc5 23. Bxc5 dxc5 24. Bh3 Qc7 25. e5 Bxh4 26. d6 Qd8 27. Re2 0-0 28. f5 a4 29. Qd3 Qg5 30. e6 Kh7 31. e7 Rfe8 32. fxg6+ fxg6 33. Rg2 Qh6 34. Rxg6 Qxg6 35. Bf5 1-0

[Event "Sochi Pearl Blitz op"]
[Site "Sochi"]
[Date "2023.10.12"]
[Round "5"]
[White "Savchenko, Boris"]
[Black "Hirneise, Jens"]
[Result "1-0"]
[WhiteElo "2513"]
[BlackElo "2266"]
[PlyCount "76"]
[EventDate "2023.10.12"]
[EventType "swiss (blitz)"]
[EventRounds "13"]
[EventCountry "RUS"]
[SourceTitle "Mega2024 Update 01"]
[Source "Chessbase"]
[SourceDate "2023.11.12"]
[SourceVersion "1"]
[SourceVersionDate "2023.11.12"]
[SourceQuality "1"]

1. e4 c5 2. Nf3 d6 3. d4 cxd4 4. Nxd4 Nf6 5. Nc3 Bd7 6. h3 e5 7. Nb3 Bc6 8. Bg5 Be7 9. Bxf6 Bxf6 10. Bc4 0-0 11. Qd3 Be7 12. a4 Nd7 13. 0-0 Kh8 14. a5 Rc8 15. a6 b6 16. Bd5 Bxd5 17. Nxd5 Nf6 18. c3 Nxd5 19. Qxd5 Qc7 20. Ra4 g6 21. Nd2 Qd7 22. Rc4 Rxc4 23. Nxc4 Qe6 24. Rd1 Qxd5 25. Rxd5 Rd8 26. f3 Kg7 27. Kf2 Kf8 28. Ke3 Ke8 29. Kd3 f6 30. Na3 Kd7 31. Nb5 Ra8 32. c4 Kc6 33. g4 h5 34. gxh5 gxh5 35. Kc2 Kd7 36. Rd1 Rg8 37. Ra1 Ra8 38. Rg1 Bd8 1-0

[Event "Titled Tuesday intern op 26th Sep Early"]
[Site "Chess.com INT"]
[Date "2023.09.26"]
[Round "1"]
[White "Hirneise, Jens"]
[Black "Donchenko, Alexander"]
[Result "0-1"]
[WhiteElo "2277"]
[BlackElo "2679"]
[PlyCount "106"]
[EventDate "2023.09.26"]
[EventType "swiss (blitz)"]
[EventRounds "11"]
[EventCountry "USA"]
[SourceTitle "EXT 2024"]
[Source "ChessBase"]
[SourceDate "2023.10.10"]
[SourceVersion "1"]
[SourceVersionDate "2023.10.10"]
[SourceQuality "1"]

1. Nf3 Nf6 2. d4 d5 3. Bf4 c5 4. c3 Nc6 5. e3 Qb6 6. Qb3 c4 7. Qc2 Bf5 8. Qc1 h6 9. Be2 e6 10. 0-0 Nh5 11. Be5 f6 12. Bg3 Nxg3 13. fxg3 Bd6 14. Nh4 Bh7 15. Bh5+ Kd7 16. Nd2 g5 17. Nhf3 Bd3 18. Rf2 Rhf8 19. Ne1 Bh7 20. g4 Rac8 21. Nef3 e5 22. b4 cxb3 23. axb3 exd4 24. exd4 Kc7 25. Qb2 Kb8 26. c4 Bf4 27. cxd5 Nb4 28. Nc4 Qb5 29. Qa3 a6 30. Qa5 Nxd5 31. g3 Bc7 32. Qxb5 axb5 33. Na3 Nc3 34. Nc2 Bd6 35. Re1 Ne4 36. Rfe2 Rc3 37. Ne3 Rxb3 38. Nf5 Bxf5 39. gxf5 Nc3 40. Re6 Ba3 41. Nd2 Rb2 42. Ne4 Nxe4 43. R1xe4 b4 44. Bf3 Rf7 45. Re7 Rxe7 46. Rxe7 Rd2 47. Rxb7+ Kc8 48. Rb6 Rxd4 49. Rxf6 b3 50. Rb6 b2 51. Kf2 Bc5 52. Rc6+ Kd7 53. Rxc5 b1Q 0-1

[Event "Titled Tuesday intern op 26th Sep Late"]
[Site "Chess.com INT"]
[Date "2023.09.26"]
[Round "4"]
[White "Hirneise, Jens"]
[Black "Yedidia, Jonathan"]
[Result "1/2-1/2"]
[WhiteElo "2277"]
[BlackElo "2360"]
[PlyCount "88"]
[EventDate "2023.09.26"]
[EventType "swiss (blitz)"]
[EventRounds "11"]
[EventCountry "USA"]
[SourceTitle "EXT 2024"]
[Source "ChessBase"]
[SourceDate "2023.10.10"]
[SourceVersion "1"]
[SourceVersionDate "2023.10.10"]
[SourceQuality "1"]

1. Nf3 Nf6 2. g3 g6 3. Bg2 Bg7 4. 0-0 0-0 5. b3 c5 6. Bb2 Nc6 7. c4 d5 8. cxd5 Nxd5 9. Bxg7 Kxg7 10. Qc1 Qd6 11. Qb2+ f6 12. Nc3 e5 13. Rac1 Nxc3 14. dxc3 Be6 15. Rfd1 Qe7 16. Nd2 Rac8 17. h3 Rfd8 18. e3 Rd7 19. Ne4 b6 20. Qe2 Nd8 21. Rxd7 Qxd7 22. Rd1 Qe7 23. Qb5 Nf7 24. Qa6 g5 25. c4 h5 26. Nc3 h4 27. g4 Rd8 28. Rxd8 Nxd8 29. Nb5 Qd7 30. Qxa7 Nf7 31. Qc7 Qd1+ 32. Bf1 Bxg4 33. hxg4 Qxg4+ 34. Kh2 Qf3 35. Kg1 Qg4+ 36. Bg2 h3 37. Qb7 hxg2 38. Qxg2 Qd1+ 39. Kh2 Qh5+ 40. Kg1 Qd1+ 41. Qf1 Qg4+ 42. Kh1 Qh5+ 43. Kg1 Qg4+ 44. Qg2 Qd1+ 1/2-1/2

[Event "Titled Tuesday intern op 22nd Aug Early"]
[Site "Chess.com INT"]
[Date "2023.08.22"]
[Round "5"]
[White "Hirneise, Jens"]
[Black "Czopor, Maciej"]
[Result "1-0"]
[WhiteElo "2277"]
[BlackElo "2358"]
[PlyCount "73"]
[EventDate "2023.08.22"]
[EventType "swiss (blitz)"]
[EventRounds "11"]
[EventCountry "USA"]
[SourceTitle "EXT 2024"]
[Source "ChessBase"]
[SourceDate "2023.10.10"]
[SourceVersion "1"]
[SourceVersionDate "2023.10.10"]
[SourceQuality "1"]

1. e4 Nc6 2. d4 d5 3. e5 Bf5 4. Bb5 Qd7 5. Ne2 0-0-0 6. 0-0 a6 7. Bxc6 Qxc6 8. Nbc3 e6 9. Be3 f6 10. exf6 gxf6 11. Ng3 Bg6 12. Qf3 Bb4 13. Nge2 h5 14. Nf4 Bf5 15. Nxh5 Bxc3 16. bxc3 Be4 17. Qe2 Qxc3 18. Ng3 Ne7 19. Nxe4 dxe4 20. Rab1 Nf5 21. Qg4 Nxe3 22. Qxe6+ Kb8 23. fxe3 Qxe3+ 24. Rf2 Rd6 25. Qb3 Qxb3 26. axb3 Rxd4 27. Rxf6 Rd2 28. Rf2 Rhd8 29. Re1 Rd1 30. Rfe2 R8d2 31. Rxd2 Rxd2 32. Rxe4 Rxc2 33. h4 Rb2 34. h5 Rb1+ 35. Kh2 Rxb3 36. h6 Rb6 37. Rh4 1-0

[Event "Titled Tuesday intern op 22nd Aug Early"]
[Site "Chess.com INT"]
[Date "2023.08.22"]
[Round "11"]
[White "Hirneise, Jens"]
[Black "Kleiman, Jake"]
[Result "1/2-1/2"]
[WhiteElo "2277"]
[BlackElo "2399"]
[PlyCount "198"]
[EventDate "2023.08.22"]
[EventType "swiss (blitz)"]
[EventRounds "11"]
[EventCountry "USA"]
[SourceTitle "EXT 2024"]
[Source "ChessBase"]
[SourceDate "2023.10.10"]
[SourceVersion "1"]
[SourceVersionDate "2023.10.10"]
[SourceQuality "1"]

1. g3 d5 2. c4 e6 3. Bg2 Nf6 4. Nf3 dxc4 5. Qa4+ c6 6. Qxc4 b5 7. Qc2 Bb7 8. d4 a6 9. 0-0 Nbd7 10. Ne5 Rc8 11. Rd1 Qb6 12. Nxd7 Nxd7 13. Nc3 Be7 14. a4 0-0 15. Be3 Qc7 16. Ne4 c5 17. Nxc5 Bxg2 18. Kxg2 Nxc5 19. dxc5 Bxc5 20. Bxc5 Qxc5 21. Qxc5 Rxc5 22. Rd6 a5 23. axb5 Rxb5 24. Ra6 Rxb2 25. e3 g5 26. R6xa5 h6 27. R1a2 Rbb8 28. h3 Kg7 29. g4 Rfc8 30. Ra7 Rb5 31. Rd7 Kf6 32. Raa7 Rf8 33. Rab7 Ra5 34. Ra7 Rxa7 35. Rxa7 Rb8 36. Rc7 Rb3 37. Rc8 Rb4 38. Rh8 Kg7 39. Ra8 h5 40. Kg3 Rc4 41. Ra5 Kg6 42. Ra8 f6 43. Rh8 h4+ 44. Kg2 Rb4 45. Rg8+ Kf7 46. Ra8 Rb7 47. Ra6 Rb4 48. Rc6 Ra4 49. Rb6 Ke7 50. Rc6 Rb4 51. Ra6 Rc4 52. Rb6 Kf7 53. Ra6 Re4 54. Rb6 f5 55. gxf5 exf5 56. Ra6 Rb4 57. Rc6 Kg7 58. Ra6 g4 59. Rc6 Kf7 60. Rd6 Rb2 61. hxg4 fxg4 62. Rh6 g3 63. Rxh4 gxf2 64. Rf4+ Ke6 65. Rxf2 Rb3 66. Kf3 Ke5 67. Rg2 Rb4 68. Rg5+ Kf6 69. Rd5 Ra4 70. Rd4 Ra1 71. Ke4 Ra5 72. Rd6+ Ke7 73. Rd4 Rb5 74. Kf4 Rh5 75. e4 Ke6 76. Ra4 Rh4+ 77. Ke3 Rh1 78. Ra6+ Ke7 79. Ra5 Rh2 80. Kd4 Rh3 81. Kd5 Rh5+ 82. e5 Rh6 83. Ra7+ Ke8 84. e6 Rh1 85. Kd6 Rd1+ 86. Ke5 Re1+ 87. Kf5 Rf1+ 88. Kg6 Rf2 89. Rb7 Rf1 90. Rc7 Rf2 91. Ra7 Rf1 92. Kg5 Rf2 93. Ra5 Ke7 94. Ra6 Rf1 95. Kg4 Rf2 96. Rb6 Rf1 97. Kg3 Rf6 98. Kg2 Rxe6 99. Rxe6+ Kxe6 1/2-1/2